General report of the agricultural state (Record no. 113832)
[ view plain ]
| 000 -LEADER | |
|---|---|
| fixed length control field | 00844cam a22001935a 4500 |
| 001 - CONTROL NUMBER | |
| control field | L155800 |
| 008 - FIXED-LENGTH DATA ELEMENTS--GENERAL INFORMATION | |
| fixed length control field | 120417s1814 xxk f 000 0 eng d |
| 035 ## - SYSTEM CONTROL NUMBER | |
| System control number | (Sirsi) u155800 |
| 041 0# - LANGUAGE CODE | |
| Language code of text/sound track or separate title | eng |
| 100 1# - MAIN ENTRY--PERSONAL NAME | |
| Personal name | Sinclair, John |
| Titles and words associated with a name | Sir |
| Dates associated with a name | 1754-1835 |
| 245 00 - TITLE STATEMENT | |
| Title | General report of the agricultural state |
| Remainder of title | and political circumstances, of Scotland / Drawn up for the consideration of the Board of agriculture and internal improvement, under the directions of the Right Hon. Sir John Sinclair, bart. the president |
| 260 ## - PUBLICATION, DISTRIBUTION, ETC. | |
| Place of publication, distribution, etc. | Edinburgh |
| Name of publisher, distributor, etc. | A. Constable & co.; [etc., etc.] |
| Date of publication, distribution, etc. | 1814 |
| 300 ## - PHYSICAL DESCRIPTION | |
| Extent | 5 v |
| Other physical details | front. (fold. map, v. 1) plates (part fold.) |
| Dimensions | 22 cm. |
| 520 ## - SUMMARY, ETC. | |
| Summary, etc. | Vols. 4 and 5 constitute an appendix in 2 vols. |
| 583 ## - ACTION NOTE | |
| Action | Condition reviewed |
| Time/date of action | 20120620 |
| Status | condition level 1 |
| 651 #4 - SUBJECT ADDED ENTRY--GEOGRAPHIC NAME | |
| Geographic name | Great Britain |
| Chronological subdivision | 1707- |
| 690 ## - LOCAL SUBJECT ADDED ENTRY--TOPICAL TERM (OCLC, RLIN) | |
| Topical term or geographic name as entry element | Rural |
| 9 (RLIN) | 6268 |
| 942 ## - ADDED ENTRY ELEMENTS (KOHA) | |
| Suppress in OPAC | 0 |
| Withdrawn status | Lost status | Source of classification or shelving scheme | Damaged status | Not for loan | Home library | Current library | Shelving location | Date acquired | Total Checkouts | Full call number | Barcode | Date last seen | Copy number | Price effective from | Koha item type |
|---|---|---|---|---|---|---|---|---|---|---|---|---|---|---|---|
| Dewey Decimal Classification | Historic collection | Historic collection | Historic collection | 17/04/2012 | OCTAVO 1814 SINCLAIR VOL. 1 | 30077823 | 06/08/2019 | 1 | 06/08/2019 | Book | |||||
| Dewey Decimal Classification | Historic collection | Historic collection | Historic collection | 20/02/2013 | OCTAVO 1814 SINCLAIR VOL. 5 | 30078116 | 06/08/2019 | 1 | 06/08/2019 | Book | |||||
| Dewey Decimal Classification | Historic collection | Historic collection | Historic collection | 20/02/2013 | OCTAVO 1814 SINCLAIR VOL. 4 | 30078112 | 06/08/2019 | 1 | 06/08/2019 | Book | |||||
| Dewey Decimal Classification | Historic collection | Historic collection | Historic collection | 20/02/2013 | OCTAVO 1814 SINCLAIR VOL. 3 | 30078108 | 06/08/2019 | 1 | 06/08/2019 | Book | |||||
| Dewey Decimal Classification | Historic collection | Historic collection | Historic collection | 20/02/2013 | OCTAVO 1814 SINCLAIR VOL. 2 | 30078104 | 06/08/2019 | 1 | 06/08/2019 | Book |